Visualizzazione normale
Vista MARC
- Muntarbhorn V., Bruce F., Kone D., Lefort F., Ochola L., Vasconcelos A.,
di Personal Name
Records bibliografici associati: 1
001 - CONTROL NUMBER
- control field: 61546
003 - CONTROL NUMBER IDENTIFIER
- control field:
005 - DATE AND TIME OF LATEST TRANSACTION
- control field: 20250218110930.0
008 - FIXED-LENGTH DATA ELEMENTS
- fixed length control field: 250218|| aca||aabn | a|a d
040 ## - CATALOGING SOURCE
- Original cataloging agency:
- Transcribing agency:
100 ## - HEADING--PERSONAL NAME
- Personal name: Muntarbhorn V., Bruce F., Kone D., Lefort F., Ochola L., Vasconcelos A.,
- Personal name: Crovara C., James S., McGeady M.R., Skrobanek S., Nicaise F., Meert F., O'Grady R.
- Personal name: , Senevirative M., Fernard-Laurent S., Toffel P
670 ## - SOURCE DATA FOUND
- Source citation: Work cat.: ()221420: Bambaren Luis (et al.) 61545, Les enfants exploités sexuellement, 1992